Kittel's Kannada-english dictonary (Record no. 926466)

MARC details
000 -LEADER
fixed length control field 00563nam a2200217Ia 4500
003 - CONTROL NUMBER IDENTIFIER
control field OSt
005 - DATE AND TIME OF LATEST TRANSACTION
control field 20221002055017.0
008 - FIXED-LENGTH DATA ELEMENTS--GENERAL INFORMATION
fixed length control field kae
037 ## - SOURCE OF ACQUISITION
Terms of availability Reference Collections
040 ## - CATALOGING SOURCE
Original cataloging agency CRL
Transcribing agency CRL
Language of cataloging kae
041 ## - LANGUAGE CODE
Source of code kae
Language code of text/sound track or separate title kae
100 ## - MAIN ENTRY--PERSONAL NAME
Personal name Bhat M. Mariappa Au.
9 (RLIN) 576587
245 #0 - TITLE STATEMENT
Title Kittel's Kannada-english dictonary
260 ## - PUBLICATION, DISTRIBUTION, ETC.
Date of publication, distribution, etc. 1970
942 ## - ADDED ENTRY ELEMENTS (KOHA)
Classification part P33,4:4k, 111L0(RR)
Koha item type
Source of classification or shelving scheme Colon Classification (CC)
Holdings
Withdrawn status Lost status Damaged status Not for loan Home library Current library Date acquired Total Checkouts Full call number Barcode Date last seen Price effective from Koha item type
        Central Library Central Library 2022-10-02   P33,4:4k 111L0(RR) CL0360584 2022-10-02 2022-10-02  
Copyright @ Delhi University Library System